| 000 | 00380nam a22001577a 4500 | ||
|---|---|---|---|
| 003 | CEME | ||
| 005 | 20210628203712.0 | ||
| 008 | 210324b xxu||||| |||| 00| 0 eng d | ||
| 040 | _c. | ||
| 082 | _a0333 WAS | ||
| 100 |
_aT.Sterens Rozer _966938 |
||
| 245 | _aObject oriented graphics programming in c++ | ||
| 260 |
_aRAWALPINDI _bPDF _c1994 |
||
| 300 | _aPDF | ||
| 942 |
_cBK _2ddc |
||
| 999 |
_c574795 _d574795 |
||